Clan Uchiwa :Naruto - Statistiques

Statistiques générales
  • Ce quiz a été pris 2 110 fois
  • Le résultat moyen est 7 sur 10
Statistiques - réponses
Clan Uchiwa % Correct
Itachi
99%
Sasuke
99%
Madara
96%
Obito
91%
Shisui
87%
Fugaku
72%
Sarada
54%
Izuna
48%
Mikoto
29%
Kagami
22%
Aucun quiz correspondant
Distribution des résultats
% des personnes avec chaque résultat
Percentile par nombre de réponses
Votre historique - résultats
Vous n’avez pas pris ce quiz